000
00319nam a22001457a 4500
008
210311b ||||| |||| 00| 0 eng d
020
_a
9780131844735
041
_a
eng
080
_2
8th
_a
038
082
_2
8th
_a
038
100
_a
23
101
_a
FJA
245
_a
Steps in Compositin
_c
Troyka,Q.L
942
_2
udc
_c
BK
999
_c
56339
_d
56339